[Event "Oberliga Bayern 2122"]
[Site "Bayern"]
[Date "2022.03.13"]
[Round "6.2"]
[White "Rusche, Johannes"]
[Black "Hoy, Bernd"]
[Result "1/2-1/2"]
[WhiteElo "2293"]
[BlackElo "2168"]
[PlyCount "120"]
[EventDate "2021.10.24"]
[EventType "team-tourn"]
[EventRounds "9"]
[EventCountry "GER"]
[SourceTitle "EXT 2024"]
[Source "ChessBase"]
[SourceDate "2023.10.10"]
[SourceVersion "1"]
[SourceVersionDate "2023.10.10"]
[SourceQuality "1"]
[WhiteTeam "Garching"]
[BlackTeam "Groebenzell"]
[WhiteTeamCountry "GER"]
[BlackTeamCountry "GER"]

1. e4 e6 2. d4 d5 3. Nd2 dxe4 4. Nxe4 Bd7 5. Nf3 Bc6 6. Bd3 Bxe4 7. Bxe4 c6 8. 0-0 Be7 9. c4 Nf6 10. Bc2 0-0 11. Qe2 Re8 12. Bf4 Nbd7 13. a3 a5 14. Rfd1 Qc8 15. Rac1 Bd8 16. Qd3 Nf8 17. Ba4 N6d7 18. Re1 Bc7 19. Bd2 e5 20. Bc3 exd4 21. Qxd4 f6 22. c5 Ne5 23. Nxe5 Bxe5 24. Qc4+ Kh8 25. Bxe5 Rxe5 26. Rxe5 fxe5 27. Re1 Nd7 28. Bc2 Qg8 29. Qc3 Re8 30. Bf5 Qd5 31. Bxd7 Qxd7 32. g3 e4 33. Qe3 Qd5 34. Re2 h6 35. Rd2 Qa2 36. Kg2 Qc4 37. Rd7 Qb5 38. Qd4 Rg8 39. Re7 Qd3 40. Rxe4 Qb3 41. Re7 a4 42. h4 Qb5 43. g4 Qb3 44. g5 Qc2 45. Re6 Kh7 46. g6+ Kh8 47. h5 Qf5 48. Re5 Qf6 49. Qe3 Qh4 50. Qe4 Qf6 51. Kg3 Rf8 52. f4 Qd8 53. Re7 Qd1 54. Rf7 Rd8 55. Kh4 Qg1 56. Re7 Qf2+ 57. Kg4 Qg1+ 58. Kh4 Qh2+ 59. Kg4 Qg1+ 60. Kh4 Qh2+ 1/2-1/2

[Event "Oberliga Bayern 2122"]
[Site "Bayern"]
[Date "2021.10.24"]
[Round "1.2"]
[White "Huch, Reiner"]
[Black "Hoy, Bernd"]
[Result "1-0"]
[WhiteElo "2251"]
[BlackElo "2168"]
[PlyCount "55"]
[EventDate "2021.10.24"]
[EventType "team-tourn"]
[EventRounds "9"]
[EventCountry "GER"]
[SourceTitle "EXT 2023"]
[Source "ChessBase"]
[SourceDate "2022.10.05"]
[SourceVersion "1"]
[SourceVersionDate "2022.10.05"]
[SourceQuality "1"]
[WhiteTeam "Trostberg"]
[BlackTeam "Groebenzell"]
[WhiteTeamCountry "GER"]
[BlackTeamCountry "GER"]

1. d4 g6 2. c4 Bg7 3. Nc3 d6 4. e4 c6 5. h3 a6 6. Be3 b5 7. Nf3 b4 8. Na4 Nd7 9. Be2 Qc7 10. c5 Ngf6 11. Qc2 Qa5 12. 0-0 dxc5 13. Nxc5 Nxc5 14. dxc5 0-0 15. Nd4 Qc7 16. a3 Rb8 17. axb4 Rxb4 18. Bxa6 e5 19. Nf3 Bxa6 20. Rxa6 Nxe4 21. Rb6 Rb8 22. Ne1 Nf6 23. Nd3 Rb5 24. Ra1 Nd5 25. Rxb5 Rxb5 26. Ra8+ Rb8 27. Qa4 Rd8 28. Qxc6 1-0

[Event "Landesliga Sued 1819"]
[Site "Bayern"]
[Date "2019.03.24"]
[Round "8.5"]
[White "Hoy, Bernd"]
[Black "Wagner, Hans2222"]
[Result "1/2-1/2"]
[WhiteElo "2167"]
[BlackElo "2109"]
[PlyCount "111"]
[EventDate "2018.10.21"]
[EventType "team-tourn"]
[EventRounds "9"]
[EventCountry "GER"]
[SourceTitle "EXT 2022"]
[Source "ChessBase"]
[SourceDate "2021.10.06"]
[SourceVersion "1"]
[SourceVersionDate "2021.10.06"]
[SourceQuality "1"]
[WhiteTeam "Groebenzell"]
[BlackTeam "Rottal Inn"]
[WhiteTeamCountry "GER"]
[BlackTeamCountry "GER"]

1. e4 c5 2. Nf3 Nc6 3. b4 cxb4 4. d4 d5 5. exd5 Qxd5 6. c4 bxc3 7. Nxc3 Qa5 8. d5 e6 9. dxc6 Bb4 10. Be2 Bxc3+ 11. Bd2 Bxd2+ 12. Nxd2 Ne7 13. cxb7 Bxb7 14. Rb1 Bc6 15. 0-0 0-0 16. Nc4 Qd5 17. Qxd5 Bxd5 18. a3 Rab8 19. f3 g6 20. Kf2 Kg7 21. Ne3 Ba8 22. Bc4 Rxb1 23. Rxb1 Rc8 24. g4 h6 25. Rd1 Rc7 26. h4 g5 27. hxg5 hxg5 28. a4 Nc6 29. Rh1 Ne5 30. Be2 Bb7 31. Rb1 Kf6 32. a5 Ke7 33. a6 Bc8 34. Rb8 Nd7 35. Rb2 Nc5 36. Ra2 Nb3 37. Bc4 Nc5 38. Ra5 Kd6 39. Be2 Ke7 40. Bb5 Nb3 41. Ra4 Rc5 42. Rb4 Nd4 43. Bd3 Nc6 44. Rb1 Ra5 45. Rc1 Bd7 46. Bf1 Ra2+ 47. Kg3 Kd8 48. Nc4 f6 49. Nd6 Ra3 50. Rd1 Ke7 51. Nc4 Ra4 52. Be2 Nb4 53. Rh1 Rxa6 54. Rh7+ Ke8 55. Rh8+ Ke7 56. Rh7+ 1/2-1/2

[Event "Landesliga Sued 1718"]
[Site "Bayern"]
[Date "2018.02.04"]
[Round "6.3"]
[White "Schelle, Artur"]
[Black "Hoy, Bernd"]
[Result "0-1"]
[WhiteElo "2215"]
[BlackElo "2218"]
[PlyCount "120"]
[EventDate "2017.10.22"]
[EventType "team-tourn"]
[EventRounds "9"]
[EventCountry "GER"]
[SourceTitle "EXT 2022"]
[Source "ChessBase"]
[SourceDate "2021.10.06"]
[SourceVersion "1"]
[SourceVersionDate "2021.10.06"]
[SourceQuality "1"]
[WhiteTeam "Muenchen Tarrasch"]
[BlackTeam "Groebenzell"]
[WhiteTeamCountry "GER"]
[BlackTeamCountry "GER"]

1. e4 e6 2. d4 d5 3. Nc3 dxe4 4. Nxe4 Bd7 5. Nf3 Bc6 6. Bd3 Bxe4 7. Bxe4 c6 8. 0-0 Be7 9. c3 Nf6 10. Bc2 Nbd7 11. Qe2 h6 12. Re1 0-0 13. Ne5 Bd6 14. Bf4 Qc7 15. Bg3 Rfe8 16. Rad1 Nf8 17. c4 Qd8 18. a3 Qe7 19. Bh4 Qd8 20. Rd3 Be7 21. Bg3 Qc8 22. Red1 Rd8 23. c5 Nd5 24. Qh5 f5 25. Qf7+ Kh7 26. h4 Bf6 27. Rb3 b5 28. cxb6 axb6 29. Qh5 g6 30. Qf3 c5 31. h5 cxd4 32. Bb1 Ra4 33. Rbd3 Ne7 34. Bf4 g5 35. Ng4 fxg4 36. Rc3+ Kg7 37. Rxc8 gxf3 38. Rxd8 gxf4 39. gxf3 Nd5 40. Rb8 Ra7 41. Be4 Nd7 42. Rc8 Nc5 43. Rc6 Rb7 44. Kg2 Nxe4 45. fxe4 Nc7 46. Rd6 Na6 47. Rxe6 Nc5 48. Rc6 Nxe4 49. Kf3 Ng5+ 50. Kxf4 b5 51. Kg4 Rd7 52. f4 Ne4 53. Kf3 Nd6 54. Rg1+ Kf7 55. Rb6 d3 56. Rd1 Nc4 57. Rxb5 Nxb2 58. Rxb2 Bxb2 59. Ke3 d2 60. Ke2 Bc3 0-1

[Event "Landesliga Sued 1718"]
[Site "Bayern"]
[Date "2017.11.26"]
[Round "3.3"]
[White "Bensch, Patrick"]
[Black "Hoy, Bernd"]
[Result "1-0"]
[WhiteElo "2213"]
[BlackElo "2218"]
[PlyCount "73"]
[EventDate "2017.10.22"]
[EventType "team-tourn"]
[EventRounds "9"]
[EventCountry "GER"]
[SourceTitle "EXT 2022"]
[Source "ChessBase"]
[SourceDate "2021.10.06"]
[SourceVersion "1"]
[SourceVersionDate "2021.10.06"]
[SourceQuality "1"]
[WhiteTeam "Rottal Inn"]
[BlackTeam "Groebenzell"]
[WhiteTeamCountry "GER"]
[BlackTeamCountry "GER"]

1. e4 g6 2. d4 Bg7 3. Nc3 d6 4. f4 c6 5. Nf3 Bg4 6. Be3 Qb6 7. Qd2 Bxf3 8. gxf3 Nd7 9. 0-0-0 Qa5 10. h4 Ngf6 11. e5 Nd5 12. Nxd5 Qxd2+ 13. Rxd2 cxd5 14. h5 0-0-0 15. h6 Bf8 16. c4 Nb6 17. c5 Na8 18. b4 Kb8 19. b5 dxc5 20. dxc5 Nc7 21. b6 axb6 22. cxb6 Na8 23. e6 f6 24. f5 g5 25. Bf2 Rd6 26. Bg3 Nxb6 27. a4 Ka7 28. Bxd6 exd6 29. a5 Na8 30. f4 gxf4 31. Rg2 Nc7 32. Rg7 Bxg7 33. hxg7 Rg8 34. Rxh7 b5 35. Be2 f3 36. Bxf3 Ne8 37. Rh8 1-0

[Event "Landesliga Sued 1617"]
[Site "Bayern"]
[Date "2016.11.20"]
[Round "2.6"]
[White "Hoy, Bernd"]
[Black "Gruettner, Ralf"]
[Result "1-0"]
[WhiteElo "2242"]
[BlackElo "2089"]
[PlyCount "107"]
[EventDate "2016.10.16"]
[EventType "team-tourn"]
[EventRounds "9"]
[EventCountry "GER"]
[SourceTitle "EXT 2019"]
[Source "ChessBase"]
[SourceDate "2018.10.10"]
[SourceVersion "1"]
[SourceVersionDate "2018.10.10"]
[SourceQuality "1"]
[WhiteTeam "Groebenzell"]
[BlackTeam "Freising"]
[WhiteTeamCountry "GER"]
[BlackTeamCountry "GER"]

1. e4 e5 2. Nf3 Nc6 3. Bb5 a6 4. Ba4 Nf6 5. d3 b5 6. Bb3 Be7 7. 0-0 d6 8. c3 0-0 9. Re1 Na5 10. Bc2 c5 11. Nbd2 Re8 12. Nf1 h6 13. Ng3 Bf8 14. h3 Bd7 15. d4 cxd4 16. cxd4 Rc8 17. Bd3 Nb7 18. d5 Nc5 19. Bc2 b4 20. Be3 a5 21. Nd2 Qc7 22. Rc1 Qb7 23. Nc4 Qa6 24. b3 Bb5 25. Qf3 Bxc4 26. bxc4 Nh7 27. Qe2 Qa7 28. Ba4 Red8 29. f3 Nf6 30. Kh2 Kh8 31. Bb5 Ng8 32. a3 bxa3 33. Ra1 Qc7 34. Rxa3 Ra8 35. Rea1 Be7 36. Qa2 Nb7 37. Bc6 Rdb8 38. Rb1 Bg5 39. Bxg5 hxg5 40. c5 dxc5 41. Rab3 Nd6 42. Bxa8 Rxa8 43. Qb2 Ne7 44. Qxe5 f6 45. Qe6 c4 46. Rb6 Rd8 47. e5 fxe5 48. Ne4 Nec8 49. Rc6 Qd7 50. Qxd7 Rxd7 51. Rb8 Kh7 52. Rbxc8 Nxc8 53. Rxc8 Rxd5 54. Rxc4 1-0

[Event "Oberliga Bayern 1516"]
[Site "Bayern"]
[Date "2016.01.31"]
[Round "6.2"]
[White "Hoy, Bernd"]
[Black "Zajogin, Alexander"]
[Result "0-1"]
[WhiteElo "2242"]
[BlackElo "2380"]
[PlyCount "114"]
[EventDate "2015.10.11"]
[EventType "team-tourn"]
[EventRounds "9"]
[EventCountry "GER"]
[SourceTitle "EXT 2018"]
[Source "ChessBase"]
[SourceDate "2017.10.13"]
[SourceVersion "1"]
[SourceVersionDate "2017.10.13"]
[SourceQuality "1"]
[WhiteTeam "Groebenzell"]
[BlackTeam "Bayern Muenchen II"]
[WhiteTeamCountry "GER"]
[BlackTeamCountry "GER"]

1. e4 e5 2. Nf3 Nc6 3. Bb5 a6 4. Bxc6 dxc6 5. 0-0 Qd6 6. d4 exd4 7. Nxd4 Qg6 8. Bf4 Bg4 9. Nf3 Bd6 10. e5 Bc5 11. e6 Bxe6 12. Bxc7 Ne7 13. Ne5 Qf5 14. Nd3 Bd4 15. Nd2 0-0 16. Nb3 Bf6 17. Nbc5 Bc4 18. Bg3 b6 19. Nb7 Nc8 20. Nd6 Nxd6 21. Bxd6 Rfe8 22. Bc7 Bd4 23. g4 Qd7 24. Bg3 Rad8 25. Bh4 f6 26. Bg3 h5 27. gxh5 Qf5 28. Re1 Bf7 29. Rxe8+ Bxe8 30. Qf1 b5 31. h6 gxh6 32. Re1 Bf7 33. b3 Bd5 34. Nf4 Bf3 35. Nd3 Kf7 36. Nf4 Rg8 37. Qd3 Qxd3 38. Nxd3 h5 39. Kf1 Rg4 40. h3 Rg8 41. Nf4 Bb6 42. Nd3 h4 43. Bxh4 Rh8 44. Ne5+ fxe5 45. Rxe5 Bd5 46. Re7+ Kg6 47. Rb7 Bd4 48. Bg3 Rxh3 49. Ke2 Rh1 50. a3 Ra1 51. Bd6 Ra2 52. f3 Bf6 53. Kd3 Be6 54. Rb6 Bf5+ 55. Ke3 Rxc2 56. Rxa6 Rc3+ 57. Kd2 Rd3+ 0-1

[Event "Oberliga Bayern 1516"]
[Site "Bayern"]
[Date "2015.11.15"]
[Round "3.2"]
[White "Hiermann, Dietmar"]
[Black "Hoy, Bernd"]
[Result "1/2-1/2"]
[WhiteElo "2268"]
[BlackElo "2242"]
[PlyCount "159"]
[EventDate "2015.10.11"]
[EventType "team-tourn"]
[EventRounds "9"]
[EventCountry "GER"]
[SourceTitle "EXT 2018"]
[Source "ChessBase"]
[SourceDate "2017.10.13"]
[SourceVersion "1"]
[SourceVersionDate "2017.10.13"]
[SourceQuality "1"]
[WhiteTeam "Passau"]
[BlackTeam "Groebenzell"]
[WhiteTeamCountry "GER"]
[BlackTeamCountry "GER"]

1. e4 g6 2. d4 Bg7 3. Nc3 d6 4. Be3 c6 5. Qd2 b5 6. f3 a5 7. Nge2 Ba6 8. Nd1 Nd7 9. Nf2 Qc7 10. g3 h5 11. Bg2 b4 12. 0-0 Nb6 13. b3 Nf6 14. Rfd1 0-0 15. c4 bxc3 16. Nxc3 Nfd7 17. Rac1 Bb7 18. f4 Rfc8 19. f5 Nf8 20. Bh6 c5 21. Ne2 Nbd7 22. fxg6 fxg6 23. Bxg7 Kxg7 24. Bh3 Qd8 25. Bxd7 Nxd7 26. Nf4 Qg8 27. d5 Ne5 28. Qb2 Kh7 29. N2d3 Nf3+ 30. Kg2 Nd4 31. Ne2 Nxe2 32. Qxe2 Ba6 33. Qe3 Bxd3 34. Rxd3 Qg7 35. e5 a4 36. Rc2 Rf8 37. Rdd2 axb3 38. axb3 Qf7 39. Qe2 Ra3 40. exd6 exd6 41. Rc3 Re8 42. Qf3 Qxf3+ 43. Rxf3 Kg7 44. h4 Ra7 45. Kf2 Rae7 46. Ra2 Rd7 47. Ra6 Re5 48. Rd3 Rf7+ 49. Kg2 Rf6 50. Ra7+ Kh6 51. Ra8 Re2+ 52. Kg1 Ref2 53. Ra1 g5 54. Re1 gxh4 55. gxh4 R2f4 56. Re6 Rg4+ 57. Kh2 Rxh4+ 58. Kg2 Rg4+ 59. Kh2 Rgf4 60. Re8 Rh4+ 61. Kg3 Rg4+ 62. Kh3 Rg5 63. b4 cxb4 64. Rb8 Rf1 65. Kh2 Rf4 66. Kh3 Re4 67. Rb6 Rg6 68. Rb3 Rd4 69. R6xb4 Rxd5 70. Rb8 Rd1 71. Kh2 Rd4 72. Kh3 d5 73. Rd8 Rd1 74. Kh2 Re6 75. Kg3 Kg5 76. Rb5 Rd3+ 77. Kg2 Re5 78. Rb4 Rd1 79. Ra4 Re6 80. Ra5 1/2-1/2

[Event "Oberliga Bayern 1314"]
[Site "Bayern"]
[Date "2013.11.24"]
[Round "3.4"]
[White "Hoy, Bernd"]
[Black "Klebel, Martin"]
[Result "1-0"]
[WhiteElo "2225"]
[BlackElo "2368"]
[PlyCount "107"]
[EventDate "2013.10.13"]
[EventType "team-tourn"]
[EventRounds "9"]
[EventCountry "GER"]
[SourceTitle "EXT 2015"]
[Source "ChessBase"]
[SourceDate "2014.11.20"]
[SourceVersion "1"]
[SourceVersionDate "2014.11.20"]
[SourceQuality "1"]
[WhiteTeam "Groebenzell"]
[BlackTeam "Bayern Muenchen II"]
[WhiteTeamCountry "GER"]
[BlackTeamCountry "GER"]

1. e4 c5 2. Nc3 Nc6 3. d3 g6 4. g3 Bg7 5. Bg2 e6 6. Be3 d6 7. Qd2 Rb8 8. Nf3 Nd4 9. 0-0 b5 10. Ne1 b4 11. Nd1 Qa5 12. h3 Ba6 13. f4 Ne7 14. g4 f5 15. Nf3 fxe4 16. Bxd4 cxd4 17. dxe4 Bxf1 18. Bxf1 Qc7 19. Nf2 0-0 20. Nd3 e5 21. Bg2 Rfc8 22. Rc1 a5 23. h4 Qd7 24. Bh3 h5 25. Qg2 Qc6 26. gxh5 Qxe4 27. Re1 Qd5 28. fxe5 dxe5 29. Nf4 Qc6 30. Be6+ Kh8 31. Bxc8 Rxc8 32. Nxe5 Qxg2+ 33. Kxg2 Rxc2+ 34. Kf3 Bf6 35. Ned3 Nf5 36. hxg6 Nxh4+ 37. Ke4 Kg7 38. Rg1 Kh6 39. Rg4 Rh2 40. Nc5 Rh1 41. Nd7 Bg7 42. Nc5 Re1+ 43. Kd5 Nf5 44. Kc6 Be5 45. Nfd3 Re2 46. Kb5 Bc7 47. Kc6 Bd8 48. Rg1 Bg5 49. Kb5 Rc2 50. Kxa5 Be7 51. Ne6 Bf6 52. Kxb4 Rc6 53. Nef4 Ra6 54. Nd5 1-0

[Event "Oberliga Bayern 1213"]
[Site "Bayern"]
[Date "2013.02.24"]
[Round "7.6"]
[White "Wachinger, Guenther"]
[Black "Hoy, Bernd"]
[Result "1/2-1/2"]
[WhiteElo "2172"]
[BlackElo "2213"]
[PlyCount "45"]
[EventDate "2012.10.14"]
[EventType "team-tourn"]
[EventRounds "9"]
[EventCountry "GER"]
[SourceTitle "EXT 2015"]
[Source "ChessBase"]
[SourceDate "2014.11.20"]
[SourceVersion "1"]
[SourceVersionDate "2014.11.20"]
[SourceQuality "1"]
[WhiteTeam "Pang/Rosenheim"]
[BlackTeam "Groebenzell"]
[WhiteTeamCountry "GER"]
[BlackTeamCountry "GER"]

1. d4 e6 2. Nf3 b5 3. e3 a6 4. c4 bxc4 5. Bxc4 Nf6 6. 0-0 Be7 7. Nc3 Bb7 8. Qe2 d5 9. Bd3 0-0 10. Bd2 Nbd7 11. Na4 c5 12. Nxc5 Nxc5 13. dxc5 Bxc5 14. Rac1 Qe7 15. Bc3 Ne4 16. Bd4 Bd6 17. Be5 Bc5 18. b4 Bb6 19. Qb2 f6 20. Bd4 Bc7 21. Bxe4 dxe4 22. Bc5 Qf7 23. Nd4 1/2-1/2

[Event "Oberliga Bayern 1213"]
[Site "Bayern"]
[Date "2012.11.25"]
[Round "3.5"]
[White "Hoy, Bernd"]
[Black "Offinger, Robert"]
[Result "0-1"]
[WhiteElo "2213"]
[BlackElo "2119"]
[PlyCount "60"]
[EventDate "2012.10.14"]
[EventType "team-tourn"]
[EventRounds "9"]
[EventCountry "GER"]
[SourceTitle "EXT 2015"]
[Source "ChessBase"]
[SourceDate "2014.11.20"]
[SourceVersion "1"]
[SourceVersionDate "2014.11.20"]
[SourceQuality "1"]
[WhiteTeam "Groebenzell"]
[BlackTeam "Passau"]
[WhiteTeamCountry "GER"]
[BlackTeamCountry "GER"]

1. e4 e6 2. d4 d5 3. e5 c5 4. c3 Nc6 5. g3 Qb6 6. Ne2 cxd4 7. cxd4 Nge7 8. Bh3 Nf5 9. Bxf5 exf5 10. 0-0 Be7 11. Nbc3 Be6 12. Be3 0-0 13. Nf4 Rfd8 14. Qf3 Bf8 15. Rfd1 Ne7 16. Na4 Qc6 17. b3 b6 18. h4 Rac8 19. Nb2 Qd7 20. Nbd3 Nc6 21. Nh5 Be7 22. Ndf4 Nb4 23. Nxe6 fxe6 24. g4 Rf8 25. gxf5 Rxf5 26. Qg4 Rf7 27. Nf4 Rf5 28. Nh5 Rf7 29. Bh6 g6 30. Bg5 gxh5 0-1

[Event "Oberliga Bayern 1213"]
[Site "Bayern"]
[Date "2012.11.11"]
[Round "2.6"]
[White "Hoy, Bernd"]
[Black "Drexel, Michael"]
[Result "0-1"]
[WhiteElo "2213"]
[BlackElo "2243"]
[PlyCount "56"]
[EventDate "2012.10.14"]
[EventType "team-tourn"]
[EventRounds "9"]
[EventCountry "GER"]
[SourceTitle "EXT 2015"]
[Source "ChessBase"]
[SourceDate "2014.11.20"]
[SourceVersion "1"]
[SourceVersionDate "2014.11.20"]
[SourceQuality "1"]
[WhiteTeam "Groebenzell"]
[BlackTeam "Bayern Muenchen II"]
[WhiteTeamCountry "GER"]
[BlackTeamCountry "GER"]

1. d4 Nf6 2. Nf3 c6 3. g3 d5 4. Bg2 Bf5 5. Nh4 Be4 6. f3 Bg6 7. 0-0 e6 8. Nxg6 hxg6 9. Be3 Qb6 10. Nd2 c5 11. Bf2 Nc6 12. Nb3 c4 13. Nc5 Bxc5 14. dxc5 Qxb2 15. e4 0-0 16. Qe2 Qc3 17. Rab1 Rab8 18. Be1 Qa3 19. e5 Nd7 20. f4 Nxc5 21. h4 Ne4 22. Bxe4 dxe4 23. Qxe4 Qxa2 24. Bf2 Rfd8 25. Ra1 Qb2 26. Qxc4 Rd2 27. Ra2 b5 28. Qxe6 Rxf2 0-1

[Event "Oberliga Bayern 1112"]
[Site "Bayern"]
[Date "2012.02.26"]
[Round "7.4"]
[White "Hiermann, Dietmar"]
[Black "Hoy, Bernd"]
[Result "1-0"]
[WhiteElo "2226"]
[BlackElo "2245"]
[PlyCount "75"]
[EventDate "2011.10.02"]
[EventType "team-tourn"]
[EventRounds "9"]
[EventCountry "GER"]
[SourceTitle "EXT 2015"]
[Source "ChessBase"]
[SourceDate "2014.11.20"]
[SourceVersion "1"]
[SourceVersionDate "2014.11.20"]
[SourceQuality "1"]
[WhiteTeam "Passau"]
[BlackTeam "Groebenzell"]
[WhiteTeamCountry "GER"]
[BlackTeamCountry "GER"]

1. e4 g6 2. d4 Bg7 3. Nc3 d6 4. Be3 c6 5. Qd2 b5 6. f3 a5 7. Nd1 Qb6 8. Nf2 Nd7 9. c3 b4 10. Bd3 c5 11. Ne2 Bb7 12. 0-0 Ngf6 13. Rac1 0-0 14. Rfd1 Rfc8 15. Bb1 Ba6 16. Nd3 bxc3 17. bxc3 Bxd3 18. Bxd3 c4 19. Bc2 d5 20. h3 Qc6 21. e5 Ne8 22. f4 Rab8 23. Rb1 Nc7 24. f5 e6 25. f6 Bf8 26. Bh6 Ba3 27. h4 Rxb1 28. Rxb1 Rb8 29. Rxb8+ Nxb8 30. h5 Qe8 31. Qd1 Bf8 32. Ba4 Qc8 33. Bxf8 Qxf8 34. Qb1 Nba6 35. Kf2 gxh5 36. Bc2 Qe8 37. Bxh7+ Kh8 38. Qh1 1-0

[Event "Oberliga Bayern 1112"]
[Site "Bayern"]
[Date "2011.10.02"]
[Round "1.4"]
[White "Hoy, Bernd"]
[Black "Hoffmeyer, Falk"]
[Result "0-1"]
[WhiteElo "2245"]
[BlackElo "2251"]
[PlyCount "46"]
[EventDate "2011.10.02"]
[EventType "team-tourn"]
[EventRounds "9"]
[EventCountry "GER"]
[SourceTitle "EXT 2013"]
[Source "ChessBase"]
[SourceDate "2012.11.22"]
[SourceVersion "1"]
[SourceVersionDate "2012.11.22"]
[SourceQuality "1"]
[WhiteTeam "Groebenzell"]
[BlackTeam "MSA Zugzwang"]
[WhiteTeamCountry "GER"]
[BlackTeamCountry "GER"]

1. e4 c6 2. d4 d5 3. e5 Bf5 4. Ne2 e6 5. Ng3 Bg6 6. h4 h5 7. Be2 c5 8. Bxh5 Bxh5 9. Nxh5 g6 10. Nf4 Rxh4 11. 0-0 cxd4 12. g3 Rh8 13. Qxd4 Nc6 14. Qd3 Nge7 15. Qe2 Nf5 16. c3 Bc5 17. Kg2 Qg5 18. Rh1 Rxh1 19. Kxh1 Nxg3+ 20. fxg3 Qxg3 21. Qh2 Qe1+ 22. Kg2 Qxc1 23. Qh8+ Bf8 0-1

[Event "Oberliga Bayern 1011"]
[Site "Germany"]
[Date "2010.11.14"]
[Round "3.5"]
[White "Hoy, Bernd"]
[Black "Ager, Josef"]
[Result "1-0"]
[WhiteElo "2245"]
[BlackElo "2161"]
[PlyCount "61"]
[EventDate "2010.10.10"]
[EventType "team-tourn"]
[EventRounds "9"]
[EventCountry "GER"]
[SourceTitle "EXT 2012"]
[Source "ChessBase"]
[SourceDate "2011.11.24"]
[SourceVersion "1"]
[SourceVersionDate "2011.11.24"]
[SourceQuality "1"]
[WhiteTeam "Groebenzell"]
[BlackTeam "Rottal"]
[WhiteTeamCountry "GER"]
[BlackTeamCountry "GER"]

1. e4 g6 2. Nc3 Bg7 3. g3 c6 4. Bg2 Na6 5. d4 Nc7 6. Bf4 d6 7. Nge2 Nf6 8. Qd2 h6 9. h3 Be6 10. 0-0-0 Bc4 11. g4 Nd7 12. Be3 e5 13. f4 Ne6 14. dxe5 dxe5 15. f5 Nc7 16. Ng3 Qe7 17. Qf2 b6 18. h4 0-0-0 19. g5 Qb4 20. h5 hxg5 21. fxg6 Ne6 22. Nf5 Bf8 23. Bh3 Rxh5 24. g7 Nxg7 25. Nxg7 Bxg7 26. Bxd7+ Rxd7 27. Rxh5 Rxd1+ 28. Nxd1 Bxa2 29. Qf5+ Be6 30. Qxg5 Bf8 31. Qxe5 1-0

[Event "Regionalliga SW 0910"]
[Site "Bayern"]
[Date "2010.03.21"]
[Round "8.1"]
[White "Hoy, Bernd"]
[Black "Miskevicer, Boris"]
[Result "1-0"]
[WhiteElo "2231"]
[BlackElo "2089"]
[PlyCount "107"]
[EventDate "2009.10.18"]
[EventType "team-tourn"]
[EventRounds "9"]
[EventCountry "GER"]
[SourceTitle "EXT 2011"]
[Source "ChessBase"]
[SourceDate "2010.11.26"]
[SourceVersion "1"]
[SourceVersionDate "2010.11.26"]
[SourceQuality "1"]
[WhiteTeam "Klosterlechfeld"]
[BlackTeam "Muenchen Schwabing"]
[WhiteTeamCountry "GER"]
[BlackTeamCountry "GER"]

1. e4 c6 2. d4 d5 3. f3 g6 4. Nc3 Bg7 5. Be3 e6 6. Qd2 Nd7 7. h4 h5 8. Nh3 Qxh4+ 9. Nf2 Qe7 10. 0-0-0 Nb6 11. Kb1 Bd7 12. e5 Bh6 13. f4 Bg7 14. g4 hxg4 15. Rxh8 Bxh8 16. Nxg4 Qh4 17. Nf2 Bg7 18. Bd3 Nh6 19. Rh1 Qe7 20. f5 Nxf5 21. Bxf5 exf5 22. Rh7 Nc4 23. Qc1 Nxe3 24. Qxe3 Bf8 25. Nh3 0-0-0 26. Ng5 Be6 27. Ne2 Kb8 28. c3 Re8 29. Qg3 Kc8 30. Nf4 Qd7 31. Nfxe6 Rxe6 32. Rxf7 Be7 33. Rh7 c5 34. Rh8+ Kc7 35. Nxe6+ Qxe6 36. Rh6 Qa6 37. Qf3 Qe6 38. Qg2 Qa6 39. Rxg6 Qd3+ 40. Kc1 cxd4 41. Rg7 Qe3+ 42. Qd2 Qxe5 43. Qxd4 Qe1+ 44. Qd1 Qe5 45. Qg1 f4 46. a3 Kc6 47. Qd4 Qxd4 48. cxd4 Bd6 49. Kc2 b5 50. Rxa7 Bc7 51. Kd3 f3 52. Rxc7+ Kxc7 53. Ke3 b4 54. axb4 1-0